Регионална библиотека "Любен Каравелов" - Русе

Реалност и човек (Запис номер 133196)

MARC детайли
000 -Лидер
Контролно поле с фиксирана дължина 02517nam a2200469 a 4500
003 - Код на организацията, давaща контролен номер
Контролно поле BLK
005 - Дата и час на последна редакция
Контролно поле 20240103095738.0
008 - Елементи от данни с фиксирана дължина
fixed length control field 180409b bul|||||r ||||||| ||bul||
010 ## - Наследен системен номер
LC control number KNG00139086000
020 ## - Международен стандартен номер на книга ISBN
Международен стандартен номер на книга ISBN 954-8010-16-Х
040 ## - Източник на каталожния запис
Идентификатор на билиотеката - собственик на записа BLK
041 ## - Код за език
Код за езика на текст/звукозапис или на отделно заглавие Български
Код за езика КДБФ Български
080 ## - УДК
Текстов определител УДК Схоластична философия. Терминизъм. Концептуализъм. Неосхоластицизъм. Философска антропология
УДК код - определител по УДК 141.31
УДК - код + определител 141.31
080 ## - УДК
Текстов определител УДК Философски системи според отношението към проблема за бога -Теизъм. Деизъм. Пантеизъм. Акосмизъм. Панентеизъм. Атеизъм. Вж и 211
УДК код - определител по УДК 141.4
УДК - код + определител 141.4
080 ## - УДК
Текстов определител УДК Религия и наука. Теология и философия. Знание и вяра. Конфликт между църквата и науката Вж и 001;1;291. 1;234; 239
УДК код - определител по УДК 215
УДК - код + определител 215
100 1# - Редна дума - Автор
Автор Франк, Семьон Людвигович
Авторска отговорност първи автор
R(LIN) 250468
139 ## - Редно поле
Редна дума Франк, Семьон Людвигович
Авторски знак Франк - Ф 77
245 10 - Сведения за заглавието
Заглавие Реалност и човек
Подзаглавни данни Метафизика на човешкото битие
Редно поле (дума) Семьон Людвигович Франк; прев. от рус. Светла Тасева.
257 ## - Страна на издаване
Страна на създаване/издаване Русия
260 ## - Област на издателските данни
Място на издаване, разпространение и проч. София
Име на издателя, разпространителя и проч. ГАЛ-ИКО
Година на издаване 1992
300 ## - Физическа характеристика
Страници 335 с.
Размери/Мащаб 20 см
380 ## - Жанр
Жанр Философия
490 ## - СЕРИИ (Колекции)
Име на серия Философска библиотека
9 (RLIN) 201169
500 ## - Общи забележки
Забележка Ориг. загл. Реальность и человек. Метафизика человеческого бытия / Семен Л. Франк.
650 #4 - Допълнително описание по предмет – тема
Основно описание – тема или топоним Метафизика
9 (RLIN) 162035
650 #4 - Допълнително описание по предмет – тема
Основно описание – тема или топоним Религиозна философия
9 (RLIN) 241531
650 #4 - Допълнително описание по предмет – тема
Основно описание – тема или топоним Антропология, философска
9 (RLIN) 252429
650 #4 - Допълнително описание по предмет – тема
Основно описание – тема или топоним Богословие и философия
9 (RLIN) 272638
651 #4 - Допълнително описание по предмет - топоним
Географско понятие Русия
9 (RLIN) 179465
653 ## - Ключова дума – ненормативна
Ключова дума метафизика
653 ## - Ключова дума – ненормативна
Ключова дума религиозна философия
653 ## - Ключова дума – ненормативна
Ключова дума философска антропология
700 1# - Други автори (авторска отговорност)
Лично име Тасева, Светла
Автороска отговорност (Описва отношението между автора и произведението) прев. от рус.
9 (RLIN) 323648
852 ## - Местоположение
Форматна сигнатура Цб 172735
Фондова буква Хранилище
856 4# - Електронен адрес и достъп
Електронен формат pdf - файл
Инструкция (цена за достъп) 0.00
Права за достъп disable
856 4# - Електронен адрес и достъп
Електронен формат pdf - файл
Инструкция (цена за достъп) 0.00
Права за достъп disable
999 ## - СИСТЕМНИ КОНТРОЛНИ НОМЕРА
Koha biblionumber 133196
Koha biblioitemnumber 133196
942 ## - АРТИКУЛИ
Вид на библиотечния материал Книги
Скрит в OPAC Не
Периодичен библиозапис Да
Koha issues (borrowed), all copies 1
944 ## - СЪЗДАВАНЕ И РЕДАКЦИЯ на ЗАПИСА
Създаване/Редакция Създаване
Дата на регистрацията/редакция 06.02.2013
Статус, дата на статуса Цветелина Шанова
Служител, извършил регистрацията/редакцията 30531
944 ## - СЪЗДАВАНЕ И РЕДАКЦИЯ на ЗАПИСА
Създаване/Редакция Редакция
Дата на регистрацията/редакция 06.02.2013
Статус, дата на статуса 06.02.2013 - от С1,Р / 06.02.2013
999 ## - СИСТЕМНИ КОНТРОЛНИ НОМЕРА
Koha biblioitemnumber 133196
999 ## - СИСТЕМНИ КОНТРОЛНИ НОМЕРА
Koha biblioitemnumber 133196
Наличности
Код за отписване Код за изгубен артикул Източник на класификационната схема Код за повреда Коз за рестрикции Код за отдаване Артикулен № Име на библиотеката - собственик Име на библиотеката, в която се намира в момента Статус (Текущо местоположение) Дата на вписване в системата Местоположение - отдел Цена в лева Инвентарен номер Систематично азбучна сигнатура Баркод Номер на екземпляра Цена в евро Служебна бележка Служебен тип на артикула
  Не е изгубен Universal Decimal Classification Не е повреден без рестрикции ползва се в читалня 217309 Регионална библиотека "Любен Каравелов" Русе Регионална библиотека "Любен Каравелов" Русе Хранилище 1992-01-01 Хранилище 1.40 577746 Цб 172735 120000577746 1 0.72 N: стар фонд Дата: 01.01.1992 Книги
  Не е изгубен Universal Decimal Classification Не е повреден без рестрикции заемане за дома 217310 Регионална библиотека "Любен Каравелов" Русе Регионална библиотека "Любен Каравелов" Русе Заемна - подръчен фонд 1992-01-01 Заемна - подръчен фонд 1.40 579777 П 14/Ф 77 120000579777 2 0.72 N: стар фонд Дата: 01.01.1992 Дата инв: 01.02.2018 Бележки инв: П2018 Книги
Vip Innovations Ltd, Rousse, Bulgaria 2025